ბათუმის შოთა რუსთაველის სახელმწიფო უნივერსიტეტის ბიბლიოთეკა

Задачи математических олимпиад. (ბიბ.ჩანაწერი № 38698)

000 -LEADER
fixed length control field 00605nam a2200205Ia 4500
001 - CONTROL NUMBER
control field 4962
003 - CONTROL NUMBER IDENTIFIER
control field GE_BSU
008 - FIXED-LENGTH DATA ELEMENTS--GENERAL INFORMATION
fixed length control field 181216s||||||||xx |||||||||||||| ||und||
040 ## - CATALOGING SOURCE
Transcribing agency GE_BSU
080 ## - UNIVERSAL DECIMAL CLASSIFICATION NUMBER
Universal Decimal Classification number 510
100 ## - MAIN ENTRY--PERSONAL NAME
Personal name Бабинская, И.Л.
245 ## - TITLE STATEMENT
Title Задачи математических олимпиад.
245 ## - TITLE STATEMENT
Statement of responsibility, etc. Редактор А.Ф. Лапко. Гл. ред. физ.-мат. лит-ры
260 ## - PUBLICATION, DISTRIBUTION, ETC.
Place of publication, distribution, etc. Москва
260 ## - PUBLICATION, DISTRIBUTION, ETC.
Name of publisher, distributor, etc. Наука
260 ## - PUBLICATION, DISTRIBUTION, ETC.
Date of publication, distribution, etc. 1975
300 ## - PHYSICAL DESCRIPTION
Extent 109 с. 20 см.
653 ## - INDEX TERM--UNCONTROLLED
Uncontrolled term Задачи математических олимпиад.
942 ## - ADDED ENTRY ELEMENTS (KOHA)
Koha item type წიგნი
ეგზემპლარები
Withdrawn status Lost status Damaged status Not for loan Date acquired Barcode Date last seen Price effective from Koha item type Public note
        2018-12-17 16028 2018-12-17 2018-12-17 წიგნი დარბაზი